| Tag |
First Indicator |
Second Indicator |
Subfields |
| LEADER |
00000cam a2200000 a 4500 |
| 001 |
in00000035086 |
| 005 |
20151007055300.0 |
| 008 |
880125s1988 njuaf b 00110 eng |
| 010 |
|
|
|a 88002480
|
| 020 |
|
|
|a 0691055246 (alk. paper)
|
| 035 |
|
|
|a (OCoLC)17441604
|
| 035 |
|
|
|9 AAB7767AM
|
| 040 |
|
|
|a DLC
|c DLC
|d TXA
|d UtOrBLW
|
| 043 |
|
|
|a a-io---
|a a-ph---
|a a-ja---
|
| 049 |
|
|
|a TXAM
|c [A11506155]
|
| 050 |
0 |
0 |
|a DS643.5
|b .F75 1988
|
| 082 |
0 |
|
|a 959.8/022
|2 19
|
| 100 |
1 |
|
|a Friend, Theodore.
|
| 245 |
1 |
4 |
|a The blue-eyed enemy :
|b Japan against the West in Java and Luzon, 1942-1945 /
|c Theodore Friend.
|
| 264 |
|
1 |
|a Princeton, N.J. :
|b Princeton University Press,
|c [1988]
|
| 264 |
|
4 |
|c ©1988
|
| 300 |
|
|
|a xx, 325 pages, 16 unnumbered pages of plates :
|b illustrations ;
|c 25 cm.
|
| 336 |
|
|
|a text
|b txt
|2 rdacontent
|
| 337 |
|
|
|a unmediated
|b n
|2 rdamedia
|
| 338 |
|
|
|a volume
|b nc
|2 rdacarrier
|
| 504 |
|
|
|a Bibliography: pages 289-307.
|
| 500 |
|
|
|a Includes index.
|
| 651 |
|
0 |
|a Indonesia
|x History
|y Japanese occupation, 1942-1945.
|
| 651 |
|
0 |
|a Philippines
|x History
|y Japanese occupation, 1942-1945.
|
| 999 |
|
|
|a MARS
|
| 999 |
f |
f |
|s bb98040a-be17-314d-89e0-8df74a15e40a
|i a5c6266c-f3ca-3561-9e5f-7b62814e19db
|t 0
|
| 952 |
f |
f |
|p noncirc
|a Texas A&M University
|b College Station
|c Cushing Memorial Library & Archives
|d Cushing: Ragan Military (Does not check out)
|t 0
|e DS643.5 .F75 1988
|h Library of Congress classification
|i unmediated -- volume
|
| 952 |
f |
f |
|p ric
|a Texas A&M University
|b Rellis Campus
|c Joint Library Facility
|d Remote Storage
|t 0
|e DS643.5 .F75 1988
|h Library of Congress classification
|i unmediated -- volume
|m A14811506155
|
| 998 |
f |
f |
|a DS643.5 .F75 1988
|t 0
|l Remote Storage
|
| 998 |
f |
f |
|a DS643.5 .F75 1988
|t 0
|l Cushing: Ragan Military (Does not check out)
|